Human resource management (Record no. 3340)

MARC details
000 -LEADER
fixed length control field 00806 a2200241 4500
005 - DATE AND TIME OF LATEST TRANSACTION
control field 20090722114025.0
008 - FIXED-LENGTH DATA ELEMENTS--GENERAL INFORMATION
fixed length control field 080827t xxu||||| |||| 00| 0 eng d
010 ## - LCCN (DPL NO)
LC control number ENG-85718
020 ## - INTERNATIONAL STANDARD BOOK NUMBER
International Standard Book Number 8180545431
Terms of availability 285.00
035 ## - SYSTEM CONTROL NUMBER
System control number EN-69251
037 ## - SOURCE OF ACQUISITION
Source of stock number/acquisition D.B.Act / Pub
082 ## - DEWEY DECIMAL CLASSIFICATION NUMBER
Classification number 658.3
100 ## - MAIN ENTRY--PERSONAL NAME
Personal name Gupta, C. B.
245 ## - TITLE STATEMENT
Title Human resource management
Statement of responsibility, etc by C. B. Gupta
250 ## - EDITION STATEMENT
Edition statement 8th rev. ed
260 ## - PUBLICATION, DISTRIBUTION, ETC. (IMPRINT)
Place of publication, distribution, etc New Delhi
Name of publisher, distributor, etc Sultan Chand
Date of publication, distribution, etc 2006
270 ## - ADDRESS
Address 23, Darya Ganj,
City New Delhi
State or province Delhi
Postal code 110002
Telephone number 23266105
Fax number 23266357
300 ## - PHYSICAL DESCRIPTION
Extent various pagings
Dimensions 25 cm (Pbk)
500 ## - GENERAL NOTE
General note Includes bibliographical references and index
650 ## - SUBJECT ADDED ENTRY--TOPICAL TERM
Topical term or geographic name as entry element Human resource management
942 ## - ADDED ENTRY ELEMENTS (KOHA)
Institution code [OBSOLETE] dpl
Item type English Books
Call number prefix 658.3 / GUP
Source of classification or shelving scheme Dewey Decimal Classification
Holdings
Withdrawn status Lost status Source of classification or shelving scheme Damaged status Not for loan Collection code Home library Current library Source of acquisition Cost, normal purchase price Total Checkouts Full call number Barcode Date last seen Copy number Cost, replacement price Koha item type
    Dewey Decimal Classification   Not For Loan Non-fiction D.B.Act.Division D.B.Act.Division DBAD/PUB 285.00   658.3 GUP EN-69251 15/09/2008 1 285.00 English Books

© Delhi Public Library
Hit Counter
free hit counter